000 00938cam a2200253 i 4500
999 _c28051
_d28051
001 28051
003 Mx-PuUPA
005 20210302091349.0
008 140415s2002 sp r 000 0 spa d
040 _aMX-PuUPA
_bspa
_erda
_cMx-PuUPA
_dMx-PuUPA
041 0 _aspa
100 1 _aFiguerola Palomo, Manuel,
_eautor
_95938
245 1 0 _a2010, hacia un nuevo turismo español :
_buna reflexión sobre el futuro /
_cManuel Figuerola Palomo.
246 3 3 _aDos mil diez, hacia un nuevo turismo español :
_buna reflexión sobre el futuro.
264 1 _aMadrid :
_bFederación Española de Hostelería,
_c2002
300 _a164 páginas ;
_c24 cm.
336 _atexto
_2rdacontent
_btxt
337 _asin medio
_2rdamedia
_bn
338 _avolumen
_2rdacarrier
_bnc
650 4 _aTurismo
_zEspaña
_xPrevisiones
650 4 _aTurismo
_xPlanificación
_zEspaña
942 _2ddc
_cLI
_h338.4791
_iF475